000 00568cam a22001814a 4500
005 20250605164353.0
008 250528s ||||||||||||||||||||||||d
035 _a24147
040 _aGR-AtMCL
_bgre
_dGR-AtMCL
_eAACR2
245 1 _aSolutions for Contemporary USB-PD Charger Designs
260 _bEe Times Europe,
_c2020
300 _a59
520 _aTechnology Helps to Stop COVID-19, Securing the Internet of Things, Power Electronics Special: Turning to WBG.
700 1 _aPele Anne Francoise
_99414
942 _cCR
999 _c9045
_d9045